Library of the University of Algiers 3
Ibrahim Sultan Cheibout
شعار جامعة الجزائر 3
مكتبة جامعة الجزائر 3
إبراهيم سلطان شيبوط

أساسيات محاسبة التكاليف / (رقم التسجيلة. 44306)

تفاصيل مارك
000 -LEADER
fixed length control field 01244nam a2200229Ia 4500
003 - CONTROL NUMBER IDENTIFIER
control field Ost
005 - DATE AND TIME OF LATEST TRANSACTION
control field 20260507075406.0
008 - FIXED-LENGTH DATA ELEMENTS--GENERAL INFORMATION
fixed length control field 260507s9999||||xx |||||||||||||| ||und||
040 ## - CATALOGING SOURCE
Transcribing agency fsecg
041 ## - LANGUAGE CODE
Language code of text/sound track or separate title ara
082 ## - DEWEY DECIMAL CLASSIFICATION NUMBER
Classification number 600
100 ## - MAIN ENTRY--PERSONAL NAME
Personal name مرعي، عبد الحي
Relator term مؤلف
245 #0 - TITLE STATEMENT
Title أساسيات محاسبة التكاليف /
Statement of responsibility, etc. عبد الحي مرعي
260 ## - PUBLICATION, DISTRIBUTION, ETC.
Place of publication, distribution, etc. الإسكندرية:
Name of publisher, distributor, etc. دار المطبوعات الجامعية,
Date of publication, distribution, etc. 2008
300 ## - PHYSICAL DESCRIPTION
Extent 416 صفحة؛
Other physical details إيضاحات ؛
Dimensions 25 سم
520 ## - SUMMARY, ETC.
Summary, etc. أهداف محاسبة التكاليف في الماضي والحاضر والمستقبل وموقعها في التنظيم، مفاهيم التكلفة وعناصرها، نظم قياس تكلفة الإنتاج ، مداخل قياس التكلفة ، تسجيل عناصر التكاليف، المحاسبة عن التكلفة الصناعية غير المباشرة والرقابة عليها، الرقابة على الموارد والخامات، الرقابة على الموارد والخامات
653 ## - INDEX TERM--UNCONTROLLED
Uncontrolled term التكاليف المعيارية
653 ## - INDEX TERM--UNCONTROLLED
Uncontrolled term المحاسبة
653 ## - INDEX TERM--UNCONTROLLED
Uncontrolled term تكلفة الإنتاج
653 ## - INDEX TERM--UNCONTROLLED
Uncontrolled term محاسبة التكاليف
942 ## - ADDED ENTRY ELEMENTS (KOHA)
Koha item type كتب
المقتنيات
Withdrawn status Lost status Source of classification or shelving scheme Damaged status Not for loan Home library Current library Date acquired Serial enumeration / chronology Inventory number Total checkouts Full call number Barcode Date last seen Price effective from Koha item type
    Dewey Decimal Classification   NOT LOAN / إعارة داخلية مكتبة كلية العلوم الإقتصادية والعلوم التجارية وعلوم التسيير مكتبة كلية العلوم الإقتصادية والعلوم التجارية وعلوم التسيير 07/05/2026 الطابق الأرضي 26562   أ/4373ن1 26562 07/05/2026 07/05/2026 كتب
    Dewey Decimal Classification   Available مكتبة كلية العلوم الإقتصادية والعلوم التجارية وعلوم التسيير مكتبة كلية العلوم الإقتصادية والعلوم التجارية وعلوم التسيير 07/05/2026 الطابق الأرضي 26563   أ/4373ن2 26563 07/05/2026 07/05/2026 كتب
    Dewey Decimal Classification   Available مكتبة كلية العلوم الإقتصادية والعلوم التجارية وعلوم التسيير مكتبة كلية العلوم الإقتصادية والعلوم التجارية وعلوم التسيير 07/05/2026 الطابق الثاني 26564   أ/4373ن3 26564 07/05/2026 07/05/2026 كتب

موارد الويب المفتوحة


© University of Algiers 3 All Rights Reserved
|
Implemented by LECHELAH Riad